|
|
|
|
| LEADER |
01910nam a2200289 a 4500 |
| 001 |
18581 |
| 003 |
BD-DhAAL |
| 008 |
090823r20021974maua b 001 0 eng d |
| 010 |
|
|
|a 72011473
|
| 020 |
|
|
|a 818501566X
|
| 040 |
|
|
|a DLC
|c DLC
|d DLC
|d BD-DhAAL
|
| 082 |
0 |
0 |
|a 515.217
|
| 100 |
1 |
|
|a Apostol, Tom M.
|
| 245 |
0 |
0 |
|a Mathematical analysis /
|c Tom M. Apostol.
|
| 250 |
|
|
|a Second edition.
|
| 260 |
|
|
|a Reading, Mass.,
|b Addison-Wesley Pub. Co. ;
|a New Delhi :
|b Narosa Publishing house,
|c 1974 [reprinted 2002].
|
| 300 |
|
|
|a xix, 500 pages :
|b illustrations :
|c 22 cm
|
| 504 |
|
|
|a Includes bibliographical references.
|
| 526 |
|
|
|a MNS
|x Fardousi Ara Begum
Faculty Member of BRAC University
Course Name : Real Analysis I (MAT 221)
|
| 541 |
1 |
|
|e 18581, 18582, 18583
|a Paragon Enterprises LTD.
|
| 650 |
|
0 |
|a Mathematical analysis.
|
| 852 |
4 |
|
|a Ayesha Abed Library
|c General Stacks
|
| 942 |
0 |
0 |
|0 1
|2 ddc
|c BK
|
| 999 |
|
|
|c 3361
|d 3361
|
| 952 |
|
|
|0 0
|1 0
|2 ddc
|4 0
|6 515_217000000000000_APO
|7 0
|9 3052
|a BRACUL
|b BRACUL
|c GEN
|d 2009-08-31
|e Paragon Enterprises LTD
|g 405.00
|l 9
|m 48
|o 515.217 APO
|p 3010018583
|r 2026-05-18
|s 2026-01-18
|t 3
|w 2009-08-31
|y BK
|x Requisitioned by Ferdousi Ara Begum (Faculty Member of BRAC University) for the course named- "Real Analysis I (MAT 221)".
|
| 952 |
|
|
|0 0
|1 0
|2 ddc
|4 0
|6 515_217000000000000_APO
|7 0
|9 9856
|a BRACUL
|b BRACUL
|c GEN
|d 2010-05-06
|e Paragon Enterprises LTD
|g 405.00
|l 8
|m 39
|o 515.217 APO
|p 3010018581
|r 2024-09-01
|s 2024-07-03
|t 1
|w 2010-05-06
|y BK
|x Requisitioned by Ferdousi Ara Begum (Faculty Member of BRAC University) for the course named- "Real Analysis I (MAT 221)".
|
| 952 |
|
|
|0 0
|1 0
|2 ddc
|4 0
|6 515_217000000000000_APO
|7 0
|9 9863
|a BRACUL
|b BRACUL
|c GEN
|d 2010-05-06
|e Paragon Enterprises LTD
|g 405.00
|l 10
|m 44
|o 515.217 APO
|p 3010018582
|q 2026-06-02
|r 2026-05-18
|s 2026-05-18
|t 2
|w 2010-05-06
|y BK
|x Requisitioned by Ferdousi Ara Begum (Faculty Member of BRAC University) for the course named- "Real Analysis I (MAT 221)".
|